000 00329nam a2200145Ia 4500
100 _aKumbhojkar/G.v
650 _aMathematics
942 _cBK
366 _f15
245 _aApplied Mathematics III -Computer and IT
260 _bC.Jamnadas and Co
_c2014
082 _a511
_bKUM
546 _aENGLISH
_cproduction
999 _c25926
_d25926